<?xml version="1.0" encoding="UTF-8"?><?xml-stylesheet type="text/xsl" href="static/style.xsl"?><OAI-PMH xmlns="http://www.openarchives.org/OAI/2.0/" xmlns:xsi="http://www.w3.org/2001/XMLSchema-instance" xsi:schemaLocation="http://www.openarchives.org/OAI/2.0/ http://www.openarchives.org/OAI/2.0/OAI-PMH.xsd"><responseDate>2026-04-26T21:59:07Z</responseDate><request verb="GetRecord" identifier="oai:uvadoc.uva.es:10324/2928" metadataPrefix="marc">https://uvadoc.uva.es/oai/request</request><GetRecord><record><header><identifier>oai:uvadoc.uva.es:10324/2928</identifier><datestamp>2021-06-23T16:50:01Z</datestamp><setSpec>com_10324_30605</setSpec><setSpec>com_10324_894</setSpec><setSpec>col_10324_41</setSpec></header><metadata><record xmlns="http://www.loc.gov/MARC21/slim" xmlns:doc="http://www.lyncode.com/xoai" xmlns:xsi="http://www.w3.org/2001/XMLSchema-instance" xmlns:dcterms="http://purl.org/dc/terms/" xsi:schemaLocation="http://www.loc.gov/MARC21/slim http://www.loc.gov/standards/marcxml/schema/MARC21slim.xsd">
<leader>00925njm 22002777a 4500</leader>
<datafield tag="042" ind1=" " ind2=" ">
<subfield code="a">dc</subfield>
</datafield>
<datafield tag="720" ind1=" " ind2=" ">
<subfield code="a">Frühbeck Moreno, Carlos Isidro</subfield>
<subfield code="e">author</subfield>
</datafield>
<datafield tag="260" ind1=" " ind2=" ">
<subfield code="c">2013</subfield>
</datafield>
<datafield tag="520" ind1=" " ind2=" ">
<subfield code="a">El primer objetivo de nuestro trabajo ha sido la definición sin apriorismos de la poética de Francisco Pino y de su imagen en el campo literario a través del análisis de la bibliografía crítica existente y de los escritos del autor. De esta forma, hemos individuado un entendimiento de la poesía como persecución de la trascendencia que va de la mano con una consideración romántica del poeta como elegido en contacto con una visión epifánica que lo separa de los demás hombres. Las consecuencias de esta poética serán, por un lado, una concepción del lenguaje fundada en su radical insuficiencia para la expresión de lo inefable y, por otro, y a pesar de ello, la posibilidad de utilizar el mismo como potente instrumento de indagación capaz de revelarnos aspectos inéditos de la realidad.</subfield>
</datafield>
<datafield tag="024" ind2=" " ind1="8">
<subfield code="a">http://uvadoc.uva.es/handle/10324/2928</subfield>
</datafield>
<datafield tag="024" ind2=" " ind1="8">
<subfield code="a">b1655988</subfield>
</datafield>
<datafield tag="024" ind2=" " ind1="8">
<subfield code="a">10.35376/10324/2928</subfield>
</datafield>
<datafield ind1=" " ind2=" " tag="653">
<subfield code="a">Pino, Francisco (1910-2002)-Crítica e interpretación</subfield>
</datafield>
<datafield tag="245" ind1="0" ind2="0">
<subfield code="a">Palabra y poética en Francisco Pino</subfield>
</datafield>
</record></metadata></record></GetRecord></OAI-PMH>